000 00883nas a2200301 4500
001 BR0100454
003 BR-BrBNA
005 20231205102029.0
007 ta
008 230509b bl.|||p| |||| 00| 00por d
040 _aBR-BrBNA
_bpor
_cBiblioteca Nacional de Agricultura
041 _a(Es)
072 _aH10
100 1 _aAraujo, L.H.A.
100 1 _aGuerra, A.A.
100 1 _aHerrera, E.A.
245 1 _aContenido de los nutrientes basicos en Catolaccus grandis Burks criados sobre larvas del picudo del algodon
650 _aAlgodao
650 _aBicudo
650 _aLarva
650 _aCarboidrato
650 _aProteina
650 _aAminoacido
650 _aVeneno
773 0 _tPesquisa Agropecuaria Brasileira (Brazil)
_xISSN 0100-204X
_g(Sep 2000), v. 35(9) p. 1701-1910
_wBR0100454
909 _a202311
_bLúcia
_c55
_dLúcia Elande
942 _2AGRIS
_n0
_cANA
999 _c165350
_d165350